Normal view
MARC view
- Carico, C. C.
Entry Personal Name
001 - CONTROL NUMBER
- control field: 5057
003 - CONTROL NUMBER IDENTIFIER
- control field: OSt
005 - DATE AND TIME OF LATEST TRANSACTION
- control field: 20170516123854.0
008 - FIXED-LENGTH DATA ELEMENTS
- fixed length control field: 170516|| aca||aabn | a|a d
040 ## - CATALOGING SOURCE
- Original cataloging agency: OSt
- Transcribing agency: OSt
100 ## - HEADING--PERSONAL NAME
- Personal name: Carico, C. C.
670 ## - SOURCE DATA FOUND
- Source citation: Work cat.: (OSt): Hyatt, H. R 5055, Arithmetic With Pushbutton Accuracy., 1977.

PORTAL AKMAL
E-MEL JKDM
AKMAL2U
G-BAM
u-PUSTAKA